2023年上半期タレントCM起用数ランキング - Statistics

General Stats
  • This quiz has been taken 279 times
  • The average score is 11 of 39
Answer Stats
起用数 主な出演CM Answer % Correct
9社 味の素冷凍食品/ウェザーニューズ/AGC など 広瀬すず
68%
9社 青山商事/NIコンサルティング/花王 など 橋本環奈
63%
8社 アリナミン製薬/江崎グリコ/NTTドコモ など 綾瀬はるか
60%
7社 アサヒ飲料/アフラック生命保険/大正製薬 など 櫻井翔
52%
15社 味の素/SBI損害保険/オフテクス など 芦田愛菜
51%
9社 アサヒ飲料/アサヒビール/クボタ など 長澤まさみ
48%
7社 アサヒビール/伊藤ハム/ガンホー・オンライン・エンターテイメント など 二宮和也
46%
13社 AOKI/SCSK/キリンビール など 今田美桜
45%
8社 アサヒ飲料/アサヒビール/味の素 など 新垣結衣
45%
9社 アマゾンジャパン/北海道観光振興/サントリー など 大泉洋
42%
8社 興和/コーセー/セイコーウォッチ など 大谷翔平
40%
18社 味の素/イーベイ・ジャパン/カシオ計算機 など 川口春奈
39%
7社 オープンハウス/キューブ/大正製薬 など 木村拓哉
37%
8社 Apple Beauty/沖電気工業/花王 など 広瀬アリス
36%
8社 アサヒ飲料/アサヒビール/花王 など 菅田将暉
33%
8社 NTTコミュニケーションズ/NTTドコモ/花王 など 石原さとみ
31%
8社 アート引越センター/JFEホールディングス/タマホーム など サンドウィッチマン
31%
8社 アダストリア/エスエス製薬/ZOZO など 本田翼
31%
7社 DIC/都市再生機構/日本コカ・コーラ など 吉岡里帆
29%
10社 味の素/クラシエホームプロダクツ/湖池屋 など 永野芽郁
26%
7社 伊藤園/江崎グリコ/花王 など 有村架純
26%
7社 キッコーマン/サントリー/サントリー食品インターナショナル など 上白石萌音
24%
9社 味の素/味の素冷凍食品/サントリー など 小栗旬
22%
9社 NTTコミュニケーションズ/花王/サントリー など 賀来賢人
19%
7社 インディード/エヌ・ティ・ティ・ソルマーレ/カネボウ化粧品 など 中条あやみ
19%
8社 味の素/アフラック生命保険/グラクソ・スミスクライン など 小池栄子
15%
7社 アサヒビール/インディード/興和 など 斎藤工
15%
8社 アサヒグループ食品/アンファー/花王 など 草彅剛
14%
8社 味の素/KDDI/サントリー食品インターナショナル など 神木隆之介
13%
8社 味の素/サントリー食品インターナショナル/敷島製パン など 杉咲花
13%
8社 青山商事/大口酒造/オートウェイ など 博多華丸
11%
9社 あいおいニッセイ同和保険/AKKODisコンサルティング/アサヒビール など 岡田准一
10%
8社 生和コーポレーション/宝酒造/P&G など 松岡修造
10%
7社 エスビー食品/花王/キリンビール など 西島秀俊
10%
8社 アイリスオーヤマ/大塚製薬/花王 など なかやまきんに君
8%
7社 EXNOA/KDDI/資生堂 など 池田エライザ
6%
7社 エドワーズライフサイエンス/サントリー/P&G など 梅沢富美男
6%
7社 関東地方公営競馬会/キタムラ/サッポロビール など 安田顕
6%
7社 アイリスオーヤマ/江崎グリコ/ニベア花王 など 堀田真由
3%
No matching quizzes found
Score Distribution
Percent of People with Each Score
Percentile by Number Answered
Your Score History
You have not taken this quiz